[Event "Tournoi n27370"]
[Site "www.echecsemail.com"]
[Date "2026.02.08"]
[Round "1"]
[White "Blackrider"]
[Black "Gonzok67"]
[WhiteElo "1730"]
[BlackElo "1880"]
[Result "1-0"]
1.e4 c5
2.c4 e6
3.g3 Nb8c6
4.Ng1f3 g6
5.Bf1g2 Bf8g7
6.O-O Ng8e7
7.d3 O-O
8.Nb1d2 b6
9.Nd2b3 d6
10.h3 f5
11.Kh2 a5
12.Ra1b1 d5
13.exd5 Nc6e5
14.Nf3g5 Ra8b8
15.f4 Ne5f7
16.Ng5xe6 Bc8xe6
17.dxe6 Nf7d6
18.Bg2d5 Rf8f6
19.Bc1d2 Nd6e8
20.Bd2c3 Ne8c7
21.Bc3xf6 Bg7xf6
22.Qd1f3 Ne7xd5
23.cxd5 Nc7xd5
24.Rf1e1 Nd5c7
25.Nb3d2 Qd8e7
26.Qf3c6 Bf6d4
27.Nd2f3 Bd4f6
28.b3 h6
29.Rb1d1 Nc7e8
30.d4 cxd4
31.Nf3xd4 Qe7b4
32.Qc6d7 Qb4e7
33.Qd7xe7 Bf6xe7
34.Nd4c6 Rb8b7
35.Nc6xe7 Rb7xe7
36.Re1e5 Ne8f6
37.Rd1d8 Nf6e8
38.Rd8b8 Kf8
39.Rb8xb6 Ne8c7
40.Rb6b8 Kg7
41.Rb8b7 Kf6
42.g4 fxg4
43.hxg4 g5
44.Re5f5 Kg6
45.fxg5 hxg5
46.Rb7a7 Kh6
47.Ra7xa5 Nc7xe6
48.Ra5e5 Kg6
49.a4 Kg7
50.b4 Re7b7
51.b5 Ne6d4
52.Rf5xg5 Kf6
53.Rg5f5 Kg7
54.Rf5f1 Nd4c2
55.g5 Nc2b4
56.Rf1g1 Nb4d3
57.Re5d5 Nd3f4
58.Rd5f5 Nf4e2
59.Rg1g2 Ne2d4
60.Rf5f2 Kg6
61.Rf2f6 Kg7
62.Rg2f2 Rb7e7
63.g6 Re7e5
64.Rf2f4 Re5h5
65.Kg2 Nd4e2
66.Rf4f2 Rh5g5
67.Kf1 Ne2c3
68.Rf6c6 Nc3xa4
69.Rf2f7 Kh6
70.Rf7h7 1-0

[Event "La Diagonale du fou 8"]
[Site "www.echecsemail.com"]
[Date "2026.02.08"]
[Round "1"]
[White "Filosofia"]
[Black "Tahar"]
[WhiteElo "2060"]
[BlackElo "1960"]
[Result "0-1"]
1.Ng1f3 d5
2.b3 e6
3.Bc1b2 Ng8f6
4.e3 Bf8e7
5.c4 c6
6.Bf1e2 Nb8d7
7.O-O b6
8.Nf3e5 Nd7xe5
9.Bb2xe5 Be7d6
10.f4 Bd6e7
11.d3 Bc8b7
12.Nb1d2 dxc4
13.dxc4 O-O
14.Qd1c2 c5
15.Ra1d1 Qd8c8
16.e4 Bb7c6
17.f5 Nf6d7
18.Be5b2 exf5
19.exf5 Be7f6
20.Be2f3 Bc6xf3
21.Nd2xf3 Bf6xb2
22.Qc2xb2 Nd7f6
23.Qb2c2 Nf6g4
24.Qc2e4 Ng4f6
25.Qe4c2 Qc8c7
26.Rf1e1 Ra8d8
27.Rd1xd8 Rf8xd8
28.Re1d1 Rd8xd1
29.Qc2xd1 Kf8
30.Qd1e2 Qc7f4
31.Qe2d2 Qf4xf5
32.Qd2d6 Ke8
33.Qd6b8 Ke7
34.Qb8xa7 Nf6d7
35.Qa7a3 Qf5b1
36.Kf2 Qb1c2
37.Kf1 Qc2d3
38.Kf2 h6
39.Qa3c1 Nd7f6
40.h3 Nf6e4
41.Kg1 Ne4g3
42.Kh2 Ng3f5
43.Qc1d2 Qd3xd2
44.Nf3xd2 Nf5d4
45.Kg3 Ke6
46.Kf4 Nd4e2
 { temps }0-1

[Event "Défi"]
[Site "www.echecsemail.com"]
[Date "2026.02.08"]
[Round "1"]
[White "Whisky"]
[Black "Anumisme"]
[WhiteElo "1330"]
[BlackElo "1200"]
[Result "1/2-1/2"]
1.Ng1f3 d5
2.d4 h6
3.g3 Bc8g4
4.Bf1g2 Qd8d7
5.Nf3e5 Qd7e6
6.h3 Bg4f5
7.g4 Bf5h7
8.Nb1c3 f6
9.Bg2xd5 Qe6a6
10.Qd1d3 Bh7xd3
11.Ne5xd3 e6
12.Bd5c4 Qa6xc4
13.Bc1e3 Bf8b4
14.O-O Bb4xc3
15.b3 Qc4c6
16.Ra1b1 Bc3a5
17.Rf1d1 Qc6xc2
18.Nd3f4 Qc2xa2
19.b4 Ba5b6
20.d5 g5
21.dxe6 Ng8e7
22.Kg2 Nb8c6
23.Be3d2 O-O-O
24.e3 Nc6e5
25.Kg3 Rd8xd2
26.Rb1a1 Qa2c2
27.Ra1c1 Qc2b2
28.Rc1b1 Qb2c3
29.b5 c6
30.Rb1c1 Qc3b2
31.Rc1b1 Qb2c3
32.Rb1c1 Qc3b2
33.Rc1b1 Qb2c2
34.Rb1c1 Qc2b2
35.Rc1b1 1/2-1/2

[Event "Tournoi n27437"]
[Site "www.echecsemail.com"]
[Date "2026.02.08"]
[Round "1"]
[White "Orosco"]
[Black "Carrighir"]
[WhiteElo "2240"]
[BlackElo "2100"]
[Result "1-0"]
1.e4 c5
2.Ng1f3 d6
3.d4 cxd4
4.Nf3xd4 Ng8f6
5.Nb1c3 g6
6.f4 Nb8c6
7.Nd4xc6 bxc6
8.e5 Nf6d7
9.Qd1f3 Qd8b6
10.Bc1d2 dxe5
11.O-O-O Bf8g7
12.Nc3a4 Qb6c7
13.Bf1c4 O-O
14.Rh1e1 Bc8b7
15.fxe5 Bg7xe5
16.Bd2h6 c5
17.Qf3e3 Be5d6
18.Qe3g5 Nd7f6
19.Na4c3 Bb7xg2
20.Nc3b5 Qc7b7
21.Nb5xd6 exd6
22.Qg5xf6 { abandon }1-0

[Event "Tournoi n27364"]
[Site "www.echecsemail.com"]
[Date "2026.02.08"]
[Round "1"]
[White "Mojo"]
[Black "Verson"]
[WhiteElo "2010"]
[BlackElo "1840"]
[Result "1-0"]
1.e4 e6
2.Bf1b5 c6
3.Bb5c4 d5
4.exd5 exd5
5.Bc4b3 Ng8f6
6.Ng1f3 Bf8d6
7.O-O O-O
8.d3 Bc8g4
9.h3 Bg4h5
10.Nb1d2 Nb8d7
11.c4 Rf8e8
12.cxd5 Nf6xd5
13.Nd2e4 Bd6c7
14.Bb3c4 Nd7b6
15.b3 Nb6xc4
16.dxc4 Nd5f4
17.Qd1xd8 Ra8xd8
18.Ne4g3 Bh5xf3
19.gxf3 Nf4xh3
20.Kg2 Nh3f4
21.Bc1xf4 Bc7xf4
22.a4 Re8e6
23.Ng3e4 Re6g6
24.Kh3 Rd8e8
25.Ra1d1 h6
26.Rd1d4 Re8e5
27.Ne4g3 Bf4xg3
28.fxg3 Re5h5
29.Kg2 Rh5e5
30.Rd4d7 b6
31.Rd7xa7 Re5g5
32.g4 f5
33.b4 fxg4
34.f4 Rg5f5
35.Ra7a6 Rg6f6
36.Ra6xb6 c5
37.Rb6xf6 Rf5xf6
38.b5 h5
39.a5 g6
40.b6 Rf6d6
41.b7 Rd6d8
42.a6 h4
43.a7 { abandon }1-0

[Event "Tournoi n27436"]
[Site "www.echecsemail.com"]
[Date "2026.02.08"]
[Round "1"]
[White "Desaintfegor"]
[Black "Geantvert"]
[WhiteElo "1810"]
[BlackElo "1870"]
[Result "0-1"]
1.d4 f5
2.c4 Ng8f6
3.Nb1c3 e6
4.d5 e5
5.Ng1f3 d6
6.e3 e4
7.Nf3d2 Bf8e7
8.f3 exf3
9.Nd2xf3 O-O
10.Bf1d3 g6
11.O-O Kg7
12.e4 fxe4
13.Nc3xe4 Nf6xe4
14.Bd3xe4 Bc8f5
15.Qd1d4 Be7f6
16.Bc1g5 Bf6xd4
17.Nf3xd4 Qd8xg5
18.Be4xf5 Qg5e3
19.Kh1 Qe3xd4
20.Bf5e6 Nb8a6
21.b3 Na6c5
22.Ra1d1 Rf8xf1
23.Rd1xf1 Ra8f8
24.Rf1g1 Nc5xe6
25.dxe6 Rf8e8
26.h3 Re8xe6
27.Kh2 Qd4f4
28.g3 Re6e2
29.Rg1g2 Qf4d2
{ abandon }0-1

[Event "Coupe Niveau 2"]
[Site "www.echecsemail.com"]
[Date "2026.02.08"]
[Round "1"]
[White "Patau"]
[Black "Woluwe1975"]
[WhiteElo "1700"]
[BlackElo "1630"]
[Result "1-0"]
1.e4 e6
2.d4 d5
3.exd5 exd5
4.Bf1d3 Bf8d6
5.h3 Qd8h4
6.c3 Ng8f6
7.Ng1f3 Qh4h5
8.O-O Bc8xh3
9.Rf1e1 Bh3e6
10.Nf3e5 Nb8d7
11.Qd1xh5 Nf6xh5
12.Ne5xd7 Kxd7
13.Bc1g5 Nh5f6
14.Nb1d2 Nf6e8
15.Nd2f3 h6
16.Bg5h4 g5
17.Bh4g3 f6
18.Bg3xd6 Kxd6
19.Re1e3 Ne8g7
20.Ra1e1 Ra8e8
21.Bd3g6 Re8e7
22.Nf3d2 c6
23.Bg6d3 Rh8e8
24.Nd2b3 Ng7f5
25.Bd3xf5 Be6f7
26.Re3xe7 Re8xe7
27.Re1xe7 Kxe7
28.Nb3c5 Kd6
29.Bf5c8 b6
30.Nc5d3 c5
31.dxc5 bxc5
32.f4 a5
33.fxg5 hxg5
34.b4 axb4
35.cxb4 d4
36.bxc5 Kc7
37.Bc8f5 Bf7xa2
38.Kf2 Ba2d5
39.g4 Bd5c4
40.Kf3 Bc4d5
41.Bf5e4 Bd5e6
42.Be4f5 Be6d5
43.Bf5e4 Bd5e6
44.Nd3b4 Be6c4
45.Nb4d5 Kc8
46.Nd5xf6 d3
47.Ke3 d2
48.Kxd2 Bc4e6
49.Be4f5 Be6xf5
50.gxf5 { abandon }1-0

[Event "Coupe Niveau 2"]
[Site "www.echecsemail.com"]
[Date "2026.02.08"]
[Round "1"]
[White "Patau"]
[Black "Woluwe1975"]
[WhiteElo "1660"]
[BlackElo "1650"]
[Result "1-0"]
1.e4 e6
2.d4 d5
3.exd5 exd5
4.Bf1d3 Bf8d6
5.h3 h6
6.Qd1f3 Ng8f6
7.Ng1e2 O-O
8.O-O c6
9.Rf1e1 Rf8e8
10.Bc1f4 Bc8e6
11.Bf4xd6 Qd8xd6
12.Nb1d2 Nb8d7
13.Nd2f1 Nd7f8
14.Nf1g3 Qd6d7
15.Ne2f4 Be6xh3
16.Nf4xh3 Re8xe1
17.Ra1xe1 Ra8e8
18.Re1xe8 Qd7xe8
19.Qf3e2 Qe8d7
20.Bd3f5 Qd7e8
21.Qe2xe8 Nf6xe8
22.Bf5c8 b6
23.Bc8b7 Ne8f6
24.Bb7xc6 Nf8h7
25.Ng3f5 Nh7f8
26.Nf5e7 Kh7
27.Ne7xd5 Nf6xd5
28.Bc6xd5 f6
29.Bd5e4 g6
30.d5 f5
31.Be4d3 Nf8d7
32.Nh3f4 Kg7
33.Nf4e6 Kf6
34.f4 g5
35.fxg5 hxg5
36.Ne6d4 f4
37.Nd4c6 a5
38.Kf2 g4
39.b4 a4
40.Bd3b5 a3
41.Nc6d4 Nd7e5
42.Nd4c6 Ne5f7
43.Bb5e2 Nf7h6
44.c4 Kf5
45.d6 { abandon }1-0

[Event "Défi"]
[Site "www.echecsemail.com"]
[Date "2026.02.08"]
[Round "1"]
[White "Ketchuplover"]
[Black "Speedyfil"]
[WhiteElo "1660"]
[BlackElo "1430"]
[Result "1-0"]
1.c4 g6
2.g3 Bf8g7
3.Bf1g2 c6
4.d4 d5
5.e3 Bc8f5
6.cxd5 cxd5
7.Nb1c3 e6
8.Ng1e2 Ng8e7
9.O-O O-O
10.a3 a6
11.Bc1d2 h6
12.b4 b5
13.Ne2c1 Nb8c6
14.Qd1b3 Qd8c7
15.f3 Bf5d3
16.Nc1xd3 Qc7b6
17.a4 Rf8c8
18.Nd3c5 Qb6c7
19.axb5 axb5
20.Nc3xb5 Qc7d8
21.Bg2h3 Rc8b8
22.Ra1xa8 Rb8xa8
23.Bh3xe6 fxe6
24.Nc5xe6 Qd8e8
25.Nb5c7 Qe8f7
26.Nc7xa8 Qf7xe6
27.b5 Nc6d8
28.Na8c7 Qe6b6
29.Nc7xd5 Ne7xd5
30.Qb3xd5 Nd8f7
31.Rf1a1 Qb6f6
32.Ra1a7 { abandon }1-0

[Event "020226"]
[Site "www.echecsemail.com"]
[Date "2026.02.08"]
[Round "1"]
[White "Mindthegap"]
[Black "Katastrofic"]
[WhiteElo "1440"]
[BlackElo "1510"]
[Result "0-1"]
1.Ng1f3 d5
2.d4 e6
3.g3 Bf8e7
4.Nb1c3 Ng8f6
5.Nf3e5 h6
6.e3 Nb8d7
7.Qd1f3 Nd7xe5
8.dxe5 Nf6h7
9.Bf1d3 c5
10.O-O c4
11.Bd3xh7 Rh8xh7
12.b4 f6
13.Qf3h5 Kf8
14.Rf1d1 Qd8e8
15.Qh5xe8 Kxe8
16.Bc1b2 fxe5
17.Nc3a4 Be7f6
18.Na4c5 b6
19.Nc5a4 Bc8d7
20.f4 Bd7xa4
21.fxe5 Bf6e7
22.e4 Ba4xc2
23.Rd1c1 Bc2d3
24.exd5 exd5
{ abandon }0-1

[Event "Défi( 10J+24H/c 10J Max )"]
[Site "www.echecsemail.com"]
[Date "2026.02.08"]
[Round "1"]
[White "Tunnellavage"]
[Black "Chobi"]
[WhiteElo "1770"]
[BlackElo "1740"]
[Result "1-0"]
1.e4 e5
2.Ng1f3 d6
3.Bf1c4 h6
4.Nb1c3 Nb8c6
5.h3 Ng8f6
6.d3 Bf8e7
7.a3 O-O
8.O-O Nf6h7
9.Nc3e2 Bc8e6
10.Ne2g3 Be6xc4
11.dxc4 Be7h4
12.Ng3f5 Bh4f6
13.c3 Nc6e7
14.g4 Ne7xf5
15.gxf5 a6
16.Kh2 Rf8e8
17.Rf1g1 g5
18.fxg6 Nh7g5
19.gxf7 Kxf7
20.Nf3xg5 Bf6xg5
21.Qd1h5 Ke6
22.Bc1xg5 hxg5
23.Rg1xg5 Kd7
24.Qh5g4 Kc6
25.Rg5g7 Qd8f6
26.Qg4d7 Kb6
27.Qd7xc7 { abandon }1-0

[Event "Défi"]
[Site "www.echecsemail.com"]
[Date "2026.02.08"]
[Round "1"]
[White "Thierry22"]
[Black "Petain"]
[WhiteElo "1530"]
[BlackElo "1740"]
[Result "0-1"]
1.e4 e5
2.Ng1f3 d6
3.Bf1d3 Ng8f6
4.O-O Bf8e7
5.b4 O-O
6.c4 h6
7.Bc1b2 c6
8.Nb1c3 b6
9.a3 Nb8d7
10.Nc3e2 Nf6h7
11.Ne2g3 Nd7f6
12.Bd3e2 a6
13.Ng3f5 Bc8xf5
14.exf5 Qd8d7
15.d3 Qd7xf5
16.Nf3h4 Qf5e6
17.Qd1d2 Nf6d7
18.Qd2e3 Be7xh4
19.g3 Bh4g5
20.Qe3e4 c5
21.Qe4b7 Rf8b8
22.Qb7c6 Nd7f6
23.Bb2c3 Qe6e8
24.Qc6xd6 Qe8e6
25.Bc3xe5 Qe6xd6
26.Be5xd6 Rb8d8
27.Be2f3 Ra8a7
28.Bd6e5 Rd8xd3
29.Bf3e2 Rd3d8
30.Be5c3 Nf6e4
31.Bc3e5 Rd8d2
32.Be2f3 f5
33.h4 Bg5f6
34.Be5xf6 Nh7xf6
35.Ra1c1 Rd2d3
36.Kg2 Ne4d2
37.Bf3e2 Rd3xa3
38.Rf1d1 Nd2e4
39.Kh3 Ne4xf2
40.Kg2 Nf2xd1
41.Rc1xd1 cxb4
42.Rd1f1 b3
43.Be2d3 b2
44.Bd3xf5 Ra3a1
45.Rf1f2 b1Q
46.Bf5xb1 Ra1xb1
47.Kf3 Rb1c1
48.Kf4 Rc1xc4
49.Kf5 Ra7d7
50.Rf2f4 Rc4c5
51.Kg6 Nf6d5
52.Rf4d4 Rd7d6
53.Kf5 Nd5e3
54.Ke4 Rd6e6
55.Kd3 Ne3f5
56.Rd4g4 Re6e3
57.Kd2 Rc5d5
58.Kc2 Nf5d4
59.Kd2 Re3a3
60.Rg4e4 Nd4f3
61.Ke2 Nf3g1
62.Kf2 Ra3a2
63.Kxg1 Rd5d1
{ abandon }0-1

[Event "Tournoi n27445"]
[Site "www.echecsemail.com"]
[Date "2026.02.08"]
[Round "1"]
[White "Tiounet"]
[Black "Verson"]
[WhiteElo "1630"]
[BlackElo "1800"]
[Result "0-1"]
1.a3 d5
2.b4 Ng8f6
3.Bc1b2 e6
4.g3 Bf8d6
5.Bf1g2 Nb8d7
6.e3 O-O
7.Ng1e2 c5
8.bxc5 Nd7xc5
9.O-O e5
10.d3 Bc8e6
11.Nb1d2 Qd8d7
12.Rf1e1 Ra8c8
13.Nd2f3 h6
14.Nf3xe5 Bd6xe5
15.Bb2xe5 Qd7e7
16.Ne2d4 a6
17.Nd4xe6 Qe7xe6
18.Be5d4 Nc5d7
19.Qd1d2 b5
20.c3 Nd7e5
21.a4 Rc8c6
22.Qd2a2 Rf8c8
23.axb5 axb5
24.Qa2a5 Ne5xd3
25.Re1e2 Nd3c5
26.Qa5xb5 Rc6b6
27.Qb5a5 Rb6c6
28.Qa5a3 Nc5e4
29.Qa3b4 Ne4xc3
30.Bd4xc3 Rc6xc3
31.Qb4a5 Rc3c1
32.Re2e1 Rc1xe1
33.Ra1xe1 Qe6d6
34.Re1d1 Qd6c5
35.Qa5a2 Qc5c2
36.Qa2a1 Nf6g4
37.Rd1f1 Qc2d2
38.Bg2h3 h5
39.Bh3xg4 hxg4
40.Kg2 Qd2d3
41.Rf1d1 Qd3e4
42.Kg1 Rc8c2
43.Qa1a8 Kh7
44.Qa8xd5 Qe4xd5
45.Rd1xd5 g6
46.Rd5g5 f5
47.e4 Kh6
48.h4 gxh3
49.f4 fxe4
50.Rg5e5 Rc2g2
51.Kh1 Rg2xg3
52.Re5xe4 Kh5
53.Kh2 Rg3f3
54.Re4e5 Kh4
55.Re5e4 Rf3f2
56.Kg1 Rf2g2
57.Kh1 Kg4
58.Re4a4 Rg2f2
59.Ra4a6 Kf5
60.Ra6a4 Rf2xf4
61.Ra4a5 Kg4
62.Kh2 g5
63.Ra5c5 Kh4
64.Rc5c3 g4
65.Rc3e3 Rf4f2
{ abandon }0-1

[Event "Tournoi n27448"]
[Site "www.echecsemail.com"]
[Date "2026.02.08"]
[Round "1"]
[White "Verson"]
[Black "Tiounet"]
[WhiteElo "1820"]
[BlackElo "1660"]
[Result "1-0"]
1.d4 b5
2.Ng1f3 Bc8b7
3.e3 a6
4.Bf1d3 g6
5.Nb1d2 Bf8g7
6.O-O Ng8f6
7.e4 O-O
8.Rf1e1 d6
9.Nd2f1 Nb8d7
10.Bc1g5 Rf8e8
11.Qd1d2 c5
12.c3 cxd4
13.cxd4 Qd8b6
14.Ra1c1 e6
15.h3 Ra8c8
16.Bg5e3 d5
17.e5 Nf6h5
18.Be3h6 Bg7h8
19.Qd2e3 Nd7b8
20.Rc1xc8 Re8xc8
21.Nf3g5 Nb8c6
22.Qe3f3 Nc6xd4
23.Qf3xf7 1-0

[Event "Défi"]
[Site "www.echecsemail.com"]
[Date "2026.02.08"]
[Round "1"]
[White "Lancov"]
[Black "Elghribi"]
[WhiteElo "1920"]
[BlackElo "1920"]
[Result "1-0"]
1.e4 d6
2.d4 Ng8f6
3.Nb1c3 g6
4.f3 Bf8g7
5.Ng1e2 O-O
6.Bc1e3 h6
7.Qd1d2 Kh7
8.O-O-O Nb8c6
9.g4 e5
10.d5 Nc6e7
11.g5 hxg5
12.Be3xg5 Nf6d7
13.Bg5e3 f5
14.f4 Bg7h6
15.fxe5 Bh6xe3
16.Qd2xe3 dxe5
17.h4 f4
18.Qe3f3 Nd7f6
19.Ne2g1 Bc8g4
20.Qf3g2 Bg4xd1
21.Kxd1 Nf6h5
22.Qg2g5 Qd8d6
23.Ng1f3 a6
24.Nf3xe5 Qd6f6
25.Qg5xf6 Nh5xf6
26.Bf1h3 Ra8d8
27.Rh1g1 Nf6h5
28.Nc3a4 Nh5g3
29.Na4c5 b6
30.Nc5e6 Ne7xd5
31.Ne6xf8 Kg8
32.exd5 Rd8xd5
33.Ne5d3 Kxf8
34.Bh3g2 Rd5d6
35.Ke1 Rd6f6
36.Kf2 Ng3f5
37.Bg2e4 Nf5xh4
38.Rg1g4 Nh4f5
39.c3 Nf5e7
40.Rg4xf4 { abandon }1-0

[Event "GIRL"]
[Site "www.echecsemail.com"]
[Date "2026.02.08"]
[Round "1"]
[White "Tartu"]
[Black "Orosco"]
[WhiteElo "1720"]
[BlackElo "2240"]
[Result "0-1"]
1.e4 e5
2.Ng1f3 Nb8c6
3.Nb1c3 Ng8f6
4.Bf1c4 Bf8c5
5.O-O d6
6.h3 O-O
7.a3 Bc8e6
8.Bc4xe6 fxe6
9.Nc3a4 Nf6xe4
10.d3 Ne4xf2
11.Rf1xf2 Bc5xf2
12.Kxf2 Nc6d4
13.Bc1e3 Qd8h4
14.Kg1 Nd4xf3
15.gxf3 Qh4xa4
{ abandon }0-1

[Event "Défi"]
[Site "www.echecsemail.com"]
[Date "2026.02.08"]
[Round "1"]
[White "Kerenor"]
[Black "Solnic"]
[WhiteElo "1590"]
[BlackElo "1280"]
[Result "1-0"]
1.e4 e5
2.Ng1f3 d6
3.h3 h5
4.Nb1c3 Ng8f6
5.Bf1c4 Bc8e6
6.Nc3d5 Nf6xe4
7.d3 Ne4c5
8.Bc1g5 f6
9.Bg5d2 Be6xd5
10.Bc4xd5 c6
11.b4 cxd5
12.bxc5 dxc5
13.c3 d4
14.Qd1a4 Nb8c6
15.Nf3h4 g5
16.Nh4f3 Qd8b6
17.Qa4c4 Qb6b2
18.O-O b5
19.Qc4e6 Nc6e7
20.Bd2xg5 Bf8g7
21.Bg5xf6 Bg7xf6
22.Qe6xf6 Rh8f8
23.Qf6xe5 dxc3
24.Qe5xh5 Rf8f7
25.Nf3g5 Qb2e2
26.Qh5xf7 Kd7
27.Rf1e1 Qe2xd3
28.Re1d1 c4
29.Rd1xd3 cxd3
30.Qf7e6 Ke8
31.Qe6f7 Kd7
32.Qf7e6 Ke8
33.Ra1e1 a5
34.Qe6xe7 1-0

[Event "Tournoi n27388"]
[Site "www.echecsemail.com"]
[Date "2026.02.08"]
[Round "1"]
[White "Kichmat"]
[Black "Alain64"]
[WhiteElo "2010"]
[BlackElo "2100"]
[Result "0-1"]
1.e4 c5
2.Ng1f3 Nb8c6
3.d4 cxd4
4.Nf3xd4 d6
5.Nd4xc6 bxc6
6.Bf1d3 Ng8f6
7.O-O g6
8.Nb1c3 Bf8g7
9.Bc1d2 O-O
10.Qd1c1 e5
11.Bd2h6 d5
12.Bh6xg7 Kxg7
13.Kh1 Bc8e6
14.f4 exf4
15.Rf1xf4 Nf6h5
16.Rf4f2 Qd8h4
17.Nc3e2 Qh4xf2
{ abandon }0-1

[Event "Eq:les modestes-modesty :"]
[Site "www.echecsemail.com"]
[Date "2026.02.08"]
[Round "1"]
[White "Raoni"]
[Black "Nick"]
[WhiteElo "2740"]
[BlackElo "2800"]
[Result "1/2-1/2"]
1.e4 c5
2.Ng1f3 e6
3.d4 cxd4
4.Nf3xd4 a6
5.Bf1d3 Bf8c5
6.Nd4b3 Bc5a7
7.Qd1e2 Ng8e7
8.Nb1c3 O-O
9.e5 d5
10.Bc1g5 h6
11.h4 Nb8c6
12.O-O-O Qd8b6
13.Bg5e3 Qb6c7
14.Be3xa7 Ra8xa7
15.f4 f6
16.Rd1e1 Nc6b4
17.Kb1 Nb4xd3
18.cxd3 fxe5
19.fxe5 b5
20.g4 Bc8d7
21.g5 b4
22.Nc3d1 Ne7f5
23.gxh6 Nf5xh6
24.Nd1f2 Bd7b5
25.Re1c1 Qc7b6
26.Nf2h3 Ra7f7
27.Qe2d2 Nh6g4
28.d4 Ng4f2
29.Nh3xf2 Rf7xf2
30.Qd2g5 Qb6d8
31.Nb3c5 Qd8xg5
32.hxg5 Rf2d2
33.Rh1d1 Rf8f2
34.Rd1xd2 Rf2xd2
35.Nc5xe6 Bb5d3
36.Ka1 Bd3f5
37.Ne6c7 Rd2xd4
38.Nc7xa6 Rd4g4
39.b3 Kf7
40.Na6c5 Rg4xg5
41.a3 bxa3
{ nul }1/2-1/2

[Event "Eq:Les Gens du Sud-Vikings :"]
[Site "www.echecsemail.com"]
[Date "2026.02.08"]
[Round "1"]
[White "Swallow"]
[Black "Viv59"]
[WhiteElo "2060"]
[BlackElo "2340"]
[Result "0-1"]
1.e4 d6
2.d4 Ng8f6
3.Nb1c3 e5
4.Ng1f3 Nb8d7
5.Bf1d3 c6
6.a4 a5
7.O-O Bf8e7
8.h3 O-O
9.Bc1e3 Qd8c7
10.Nc3e2 exd4
11.Ne2xd4 Nd7e5
12.Nf3xe5 dxe5
13.Nd4f3 h6
14.Nf3d2 Bc8e6
15.Qd1e2 Nf6d7
16.Nd2b3 Rf8d8
17.Bd3c4 Be6xc4
18.Qe2xc4 b6
19.Qc4e2 Nd7f8
20.Nb3d2 Nf8e6
21.Nd2f3 Rd8d7
22.Nf3h4 Be7xh4
{ abandon }0-1

[Event "Défi( 10J+24H/c 10J Max )"]
[Site "www.echecsemail.com"]
[Date "2026.02.08"]
[Round "1"]
[White "Anumisme"]
[Black "Artabam"]
[WhiteElo "1230"]
[BlackElo "1000"]
[Result "1-0"]
1.d4 d5
2.Nb1c3 c6
3.Bc1f4 Nb8d7
4.e3 Nd7f6
5.Bf4e5 Nf6g4
6.h3 Ng4xe5
7.dxe5 g5
8.Bf1e2 Bf8g7
9.Be2g4 e6
10.Ng1e2 Bg7xe5
11.f4 gxf4
12.e4 Ng8f6
13.Qd1d2 Nf6xe4
14.Nc3xe4 h5
15.Ne4c3 hxg4
16.h4 Qd8b6
17.b3 Ke7
18.Nc3a4 Qb6a5
19.Qd2xa5 b6
20.Qa5d2 Be5xa1
21.Qd2xf4 b5
22.Na4c5 Ba1b2
23.Ne2g3 Kf8
24.Qf4xg4 Bb2c3
25.Ke2 Rh8h6
26.Qg4g5 Rh6h7
27.Ng3h5 Bc8a6
28.Nc5d7 Ke8
29.Qg5g8 Ke7
30.Qg8xh7 b4
31.Kf3 Kxd7
32.Qh7xf7 Kd6
33.Nh5f4 Ra8h8
34.Qf7xe6 Kc5
35.Nf4d3 Ba6xd3
36.cxd3 Rh8f8
37.Kg3 Rf8g8
38.Qe6xg8 Bc3e5
39.Kf3 Be5f6
40.Qg8f8 Kb5
41.Qf8xf6 Kc5
42.h5 d4
43.Qf6e5 Kb6
44.Qe5xd4 c5
45.Qd4d6 Kb5
46.d4 a6
47.Qd6xc5 1-0

[Event "Jean 8"]
[Site "www.echecsemail.com"]
[Date "2026.02.08"]
[Round "1"]
[White "Intrigue"]
[Black "Woluwe1975"]
[WhiteElo "1720"]
[BlackElo "1640"]
[Result "1-0"]
1.f4 d5
2.Ng1f3 c6
3.d3 Ng8f6
4.e3 Bc8g4
5.Bf1e2 Bg4xf3
6.Be2xf3 Nb8d7
7.Nb1c3 e6
8.O-O Bf8d6
9.b3 Qd8c7
10.Bc1b2 O-O-O
11.a4 Kb8
12.Nc3e2 h5
13.c4 Nf6g4
14.Qd1d2 f6
15.cxd5 cxd5
16.Ra1c1 Qc7b6
17.Bf3xg4 hxg4
18.g3 Rh8h3
19.Rf1f2 Rd8h8
20.Ne2d4 Bd6b4
21.Qd2e2 Rh8c8
22.Rc1xc8 Kxc8
23.Qe2c2 Nd7c5
24.Bb2c3 f5
25.Nd4b5 Bb4xc3
26.Qc2xc3 Kb8
27.Qc3xg7 Nc5xd3
28.Qg7f8 { abandon }1-0

[Event "CHATURANGA"]
[Site "www.echecsemail.com"]
[Date "2026.02.08"]
[Round "1"]
[White "Casisimed"]
[Black "Woluwe1975"]
[WhiteElo "1590"]
[BlackElo "1640"]
[Result "0-1"]
1.e4 e5
2.Ng1f3 Ng8f6
3.Bf1c4 d5
4.exd5 Bf8d6
5.O-O e4
6.Rf1e1 O-O
7.Nf3d4 Rf8e8
8.Nd4b5 a6
9.Nb5xd6 cxd6
10.Nb1c3 b5
11.Bc4e2 Bc8b7
12.d3 exd3
13.Qd1xd3 Nb8d7
14.Bc1g5 Nd7b6
15.Be2f3 Re8xe1
16.Ra1xe1 Nb6d7
17.a4 b4
18.Nc3e4 h6
19.Ne4xf6 Nd7xf6
20.Qd3d4 hxg5
21.h4 g4
22.Bf3xg4 a5
23.h5 Nf6xg4
24.Qd4xg4 Qd8f6
25.Re1d1 Qf6xb2
26.h6 g6
27.Qg4f4 Qb2e5
28.Qf4xe5 dxe5
29.d6 Ra8d8
30.d7 Bb7c6
31.Rd1e1 e4
32.Re1d1 Rd8xd7
33.Rd1e1 f5
34.Re1e3 Rd7d2
35.Re3g3 Kh7
36.c3 b3
37.Rg3e3 Bc6xa4
38.c4 b2
{ abandon }0-1

[Event "Tournoi n27360"]
[Site "www.echecsemail.com"]
[Date "2026.02.08"]
[Round "1"]
[White "Tartu"]
[Black "Louis67"]
[WhiteElo "1700"]
[BlackElo "1420"]
[Result "0-1"]
1.d4 d5
2.c4 Ng8f6
3.Nb1c3 e6
4.Ng1f3 dxc4
5.e3 Bf8b4
6.Bf1xc4 O-O
7.O-O c6
8.a3 b5
9.Bc4d3 Bb4xc3
10.bxc3 Nf6d5
11.h3 Nd5xc3
12.Bc1b2 Nc3xd1
13.Rf1xd1 a5
14.e4 Bc8b7
15.Ra1c1 a4
16.d5 exd5
17.exd5 Qd8xd5
18.Bd3xh7 Kxh7
19.Rd1xd5 cxd5
20.Nf3g5 Kg8
21.Rc1c7 Bb7c6
22.Ng5f3 Bc6d7
23.Nf3e5 f6
24.Ne5g6 Rf8f7
25.Rc7c5 Bd7c6
26.Ng6f4 Rf7d7
27.Kf1 Ra8a7
28.g4 d4
29.Nf4d3 Nb8a6
30.Rc5xc6 Kh7
31.Kg2 Rd7e7
32.Nd3f4 Re7e4
33.Nf4d3 Re4e2
34.Bb2xd4 Ra7a8
35.Rc6b6 Re2d2
36.Rb6xb5 Rd2xd3
37.Bd4b2 Rd3d2
38.Bb2c3 Rd2a2
39.Rb5b7 Ra2xa3
40.Bc3xf6 Ra8g8
41.Bf6e7 Ra3a2
42.Rb7b6 Na6c7
43.Rb6c6 Nc7d5
44.Be7h4 Rg8a8
45.Rc6c5 Nd5e3
46.Kf3 Ne3d1
47.Rc5h5 Kg8
48.Bh4e7 Ra2xf2
49.Kg3 Rf2f7
50.Be7a3 Rf7b7
51.Kh4 Rb7b3
52.Ba3c5 a3
53.Rh5g5 a2
54.Bc5d4 Ra8a6
{ abandon }0-1

[Event "Jean 8"]
[Site "www.echecsemail.com"]
[Date "2026.02.08"]
[Round "1"]
[White "Woluwe1975"]
[Black "Pgo"]
[WhiteElo "1640"]
[BlackElo "1760"]
[Result "0-1"]
1.d4 d5
2.e4 dxe4
3.Nb1c3 Bc8f5
4.Bc1e3 e6
5.g4 Bf5g6
6.Bf1g2 Bf8b4
7.Ng1e2 Ng8e7
8.O-O f5
9.h3 O-O
10.a3 Bb4a5
11.Ne2f4 Bg6f7
12.Nf4e2 g6
13.Ne2f4 a6
14.b4 Ba5b6
15.Kh2 Nb8c6
16.g5 e5
17.Nf4e2 f4
18.Bg2xe4 fxe3
19.fxe3 exd4
20.exd4 Nc6xd4
21.Ne2xd4 Bb6xd4
22.Ra1c1 Bd4xc3
23.Qd1g4 Qd8d6
24.Kh1 Bf7d5
25.Be4xd5 Qd6xd5
26.Qg4g2 Rf8xf1
27.Rc1xf1 Qd5xg2
28.Kxg2 Ne7f5
29.Kh2 Ra8d8
30.Rf1f2 Bc3e5
31.Kg2 Nf5e3
32.Kh1 Rd8d1
{ abandon }0-1

[Event "Coupe Niveau 2"]
[Site "www.echecsemail.com"]
[Date "2026.02.08"]
[Round "1"]
[White "Patau"]
[Black "Bertelsen"]
[WhiteElo "1690"]
[BlackElo "1690"]
[Result "1-0"]
1.e4 e5
2.Ng1f3 d6
3.d4 exd4
4.Qd1xd4 c6
5.Bf1c4 Ng8f6
6.h3 Bf8e7
7.e5 Nf6h5
8.exd6 Be7f6
9.Qd4e4 Kf8
10.O-O Qd8e8
11.Qe4xe8 Kxe8
12.Rf1e1 Kd7
13.Bc4xf7 g6
14.Bc1g5 Rh8f8
15.Bf7e6 Kxd6
16.Nb1c3 Bf6xc3
17.Ra1d1 Kc7
18.bxc3 Bc8xe6
19.Re1xe6 Rf8f7
20.Nf3e5 Nh5g7
21.Re6e7 Rf7xe7
22.Bg5xe7 Ng7f5
23.Be7d8 Kc8
24.Ne5f7 Nb8d7
25.g4 Nf5g7
26.Bd8e7 b6
27.Nf7d6 Kc7
28.Be7h4 c5
29.Nd6b5 Kc6
30.Nb5d6 Ra8f8
31.Bh4e7 Rf8g8
32.Nd6f7 Rg8e8
33.Be7g5 Nd7f8
34.Rd1d6 Kb5
35.Bg5e3 Re8e7
36.Nf7g5 h6
37.Ng5f3 Ng7e8
38.Rd6d1 h5
39.Nf3g5 a5
40.gxh5 gxh5
41.Ng5f3 Ne8f6
42.Rd1b1 Kc6
43.c4 Nf6e4
44.Rb1d1 Nf8e6
45.Nf3e5 Kc7
46.Rd1d3 Ne6g7
47.Be3f4 Kc8
48.Ne5c6 Re7e8
49.Nc6a7 { abandon }1-0

[Event "Coupe Niveau 3"]
[Site "www.echecsemail.com"]
[Date "2026.02.08"]
[Round "1"]
[White "Elghribi"]
[Black "Jeff75019"]
[WhiteElo "1910"]
[BlackElo "1460"]
[Result "1-0"]
1.e4 e5
2.Ng1f3 Nb8c6
3.Bf1b5 Qd8f6
4.O-O Bf8c5
5.c3 Ng8e7
6.h3 O-O
7.d3 d6
8.Bb5a4 Qf6g6
9.Kh2 Bc8g4
10.hxg4 Qg6xg4
11.d4 exd4
12.cxd4 Bc5xd4
13.Nf3xd4 Qg4xe4
14.Nd4xc6 bxc6
15.Ba4c2 Qe4e5
16.Kg1 Ra8b8
17.Nb1c3 d5
18.Rf1e1 Qe5d6
19.Qd1d3 g6
20.b3 d4
21.Nc3e4 Qd6e5
22.Bc1b2 Ne7f5
23.Ne4g3 Nf5h4
24.Bb2xd4 Qe5d6
25.Qd3e4 Qd6d8
26.Ng3h5 Qd8g5
27.Nh5f6 Kg7
28.Nf6d7 Kh6
29.Bd4e3 Rb8b5
30.Qe4xh4 Kg7
31.Be3xg5 Rf8d8
32.Qh4h6 Kh8
33.Bg5f6 Kg8
34.Qh6g7 1-0

[Event "Défi"]
[Site "www.echecsemail.com"]
[Date "2026.02.08"]
[Round "1"]
[White "Drissou"]
[Black "Petain"]
[WhiteElo "1590"]
[BlackElo "1710"]
[Result "0-1"]
1.e4 e5
2.Ng1f3 d6
3.Bf1c4 h6
4.O-O Ng8f6
5.d3 Bf8e7
6.Nb1c3 a5
7.a4 Bc8e6
8.Bc4xe6 fxe6
9.Rf1e1 O-O
10.Nf3h4 Qd8e8
11.Qd1f3 g5
12.Nc3b5 Nb8a6
13.Qf3g3 Nf6h5
14.Qg3g4 Nh5g7
15.Nh4f3 h5
16.Qg4g3 g4
17.Nf3h4 Qe8d8
18.Nh4g6 Be7h4
19.Ng6xh4 c6
20.Nb5c3 Na6c5
21.Bc1h6 Qd8f6
22.Re1e2 Qf6xh6
23.h3 Kh7
24.hxg4 hxg4
25.Qg3xg4 Rf8f4
26.Qg4g3 Rf4xh4
27.f3 Rh4h1
28.Kf2 Rh1xa1
29.b3 Qh6h1
30.Ke3 Ra1f1
31.d4 Qh1h6
{ abandon }0-1

[Event "Eq:au plaisir du jeux -fouschess :"]
[Site "www.echecsemail.com"]
[Date "2026.02.08"]
[Round "1"]
[White "Tizi"]
[Black "Mequinho"]
[WhiteElo "1720"]
[BlackElo "1960"]
[Result "0-1"]
1.d4 c5
2.c3 cxd4
3.Qd1xd4 Nb8c6
4.Qd4d1 Ng8f6
5.Bc1g5 d6
6.Bg5xf6 gxf6
7.e4 Rh8g8
8.g3 Bf8h6
9.Bf1g2 Bc8d7
10.Qd1h5 Rg8g6
11.e5 dxe5
12.Bg2e4 Bd7g4
13.Qh5h4 Qd8d1
0-1